书目信息 |
| 题名: |
中国近现代史纲要
|
|
| 作者: | ;中国近现代史纲要编写组 | |
| 分册: | ||
| 出版信息: | 北京 高等教育出版社 2007.02 |
|
| 页数: | 243页 | |
| 开本: | 23cm | |
| 丛书名: | ||
| 单 册: | ||
| 中图分类: | K250.6 | |
| 科图分类: | ||
| 主题词: | 中国--历史--1840~1949 | |
| 电子资源: | ||
| ISBN: | 978-7-04-019186-8 | |
| 000 | 00697nam0 2200193 450 | |
| 001 | 1040897514 | |
| 005 | 20201029105658.27 | |
| 010 | @a978-7-04-019186-8@dCNY13.30 | |
| 100 | @a20100607d2007 km y0chiy0120 ea | |
| 101 | 0 | @achi |
| 102 | @aCN@b110000 | |
| 200 | 1 | @a中国近现代史纲要@Azhong guo jin xian dai shi gang yao@f中国近现代史纲要编写组@Fzhong guo jin xian dai shi gang yao bian xie zu |
| 210 | @a北京@c高等教育出版社@d2007.02 | |
| 215 | @a243页@d23cm | |
| 606 | 0 | @a中国@x历史@z1840~1949 |
| 690 | @aK250.6@v4 | |
| 711 | 02 | @a中国近现代史纲要编写组@Azhong guo jin xian dai shi gang yao bian xie zu |
| 801 | 0 | @aCN@b大连网信软件有限公司图书馆·11@c20100611 |
| 905 | @aZUCC@dK250.6@eZ563 | |
| 中国近现代史纲要/中国近现代史纲要编写组.-北京:高等教育出版社,2007.02 |
| 243页;23cm |
| ISBN 978-7-04-019186-8:CNY13.30 |
| ● |
| 相关链接 |
|
|
|
正题名:中国近现代史纲要
索取号:K250.6/Z563
 
预约/预借
| 序号 | 登录号 | 条形码 | 馆藏地/架位号 | 状态 | 备注 |
| 1 | 1282369 | 212823694 | 自科二线404/309社科库 39排4列2层/ [索取号:K250.6/Z563] | 在馆 | |
| 2 | 1298953 | 212989532 | 建筑与城市规划学院资料室/ [索取号:K250.6/Z563] | 在馆 | |
| 3 | 1298954 | 212989541 | 建筑与城市规划学院资料室/ [索取号:K250.6/Z563] | 在馆 | |
| 4 | 1500381 | 215003813 | 社科库309/309社科库 35排3列4层/ [索取号:K250.6/Z563] | 在馆 | |
| 5 | 470096 | 204700966 | 自科二线404/309社科库 39排4列2层/ [索取号:K250.6/Z563] | 在馆 | |
| 6 | 470133 | 204701331 | 自科二线404/309社科库 39排4列2层/ [索取号:K250.6/Z563] | 在馆 | |
| 7 | 470376 | 204703767 | 自科二线404/400A自科库 52排1列5层/ [索取号:K250.6/Z563] | 在馆 | |
| 8 | 470403 | 204704034 | 自科二线404/309社科库 39排4列2层/ [索取号:K250.6/Z563] | 在馆 |